000 00414nam a2200145Ia 4500
008 240729s9999 xx 000 0 und d
022 _a2664-5599
245 0 _aCaribbean Medical Journal
260 _aTrinidad and Tobago
260 _bTrinidad and Tobago Medical Association (T&TMA)
650 _aMedicine
856 _uhttps://doaj.org/toc/1609945eebe940c8bc3534460d839bd7
942 _2ddc
942 _cDOAJEJ
999 _c70665
_d70665
945 _a1
_bMadushi Gamage
_c1
_dMadushi Gamage